Vista normal
Vista MARC
Entrada Materia (cronológica)
Número de registros utilizados en: 1
001 - CONTROL NUMBER
- control field: 82468
003 - CONTROL NUMBER IDENTIFIER
- control field: Co-BoUCM
005 - DATE AND TIME OF LATEST TRANSACTION
- control field: 20161205102043.0
008 - FIXED-LENGTH DATA ELEMENTS
- fixed length control field: 161205|| aca||aabn | a|a d
040 ## - CATALOGING SOURCE
- Original cataloging agency: Co-BoUCM
- Transcribing agency: Co-BoUCM
148 ## - HEADING--CHRONOLOGICAL TERM
- Chronological term: Geschichte 1947-1960.
670 ## - SOURCE DATA FOUND
- Source citation: Work cat.: (Co-BoUCM)305273: Brands, H. W. 82467, The specter of neutralism , ©1989